000
00252nam a2200121Ia 4500
100
_a
Datapro
942
_c
BK
654
_a
Cobol -Notes
245
_a
Cobol -Notes
260
_b
Datapro consultancy Services
_a
Pune
300
_a
105
546
_a
ENGLISH
999
_c
23438
_d
23438